| 000 | 00737nam a22002297a 4500 | ||
|---|---|---|---|
| 005 | 20170124110051.0 | ||
| 010 | _aB-041348 | ||
| 020 |
_c395.00 _a8120318315 |
||
| 035 | _aB-041348 | ||
| 037 | _bCen Lib/Ret | ||
| 040 |
_aDPL _bEN |
||
| 082 |
_a658.0285 _bHON |
||
| 100 |
_aHoneycutt, Jerry _925511 |
||
| 245 |
_aknowledge management stragies / _cby Jerry Honeycutt |
||
| 260 |
_aNew Delhi _bPrentice Hall Of India Private Limited _c2000 |
||
| 270 |
_aM-97, Connought Circus _bNew Delhi _e110001 |
||
| 300 |
_axxv,239p. : _c22cm(Hb) _bill. |
||
| 500 | _aIncludes bibliographical references and index. | ||
| 650 |
_aMangement _925512 |
||
| 650 |
_aManagement stragies _925513 |
||
| 942 |
_2ddc _cEN _h658.0285 _mHON |
||
| 999 |
_c129133 _d129133 |
||